00509nam a2200169Ia 450000500170000000800410001708200130005810000210007124500450009226000320013730000170016965000120018665000210019894200060021995200990022599900150032420250311075005.0240331s9999 xx 000 0 und d bBALa894 aBalamurugan, M.A 0aT.P.Meenadchi Suntharanaarin Aayvuthiran aBengalurbKavya Pressc1992 aXi, 263 p ., aHistory aTamil Literature cL 001040708LaWERCLbWERCLcSSCd2024-03-31l0o 894.811 BALp1621r2024-03-31w2024-03-31yL c3974d3974